BRITISH Pharmacopoeia 2002
Guardat en:
| Autor principal: | |
|---|---|
| Format: | Llibre |
| Idioma: | anglès |
| Publicat: |
The Stationery Office,2002.
2002
|
| Etiquetes: |
Afegir etiqueta
Sense etiquetes, Sigues el primer a etiquetar aquest registre!
|
MARC
| LEADER | 00000nam a22000007a 4500 | ||
|---|---|---|---|
| 008 | 210120b ||||| |||| 00| 0 eng d | ||
| 020 | |a 0-11-322575-X | ||
| 100 | |a Great Britain Medicine Commission | ||
| 245 | |a BRITISH Pharmacopoeia 2002 |c Great Britain. | ||
| 260 | |b The Stationery Office,2002. |c 2002 |h .- London |i 684983 – Vol. 1 – Ref. 684984 – Vol. 2 – Juli. |l RS141.3 .B76 | ||
| 942 | |a lcc |c BK |e Mr ogunleye | ||
| 952 | |0 0 |1 0 |2 lcc |4 0 |6 RS01413 B76 |7 0 |9 1314 |a HOL |b HOL |d 2021-01-20 |l 0 |o RS141.3 .B76 |p 2021-0127 |r 2021-01-20 00:00:00 |w 2021-01-20 |y BK | ||
| 952 | |0 0 |1 0 |2 lcc |4 0 |6 RS01413 B76 |7 0 |9 1316 |a HOL |b HOL |d 2021-01-20 |l 0 |o RS141.3 .B76 |p 2021-0129 |r 2021-01-20 00:00:00 |w 2021-01-20 |y BK | ||
| 999 | |c 679 |d 679 | ||